|
|
|
|
| LEADER |
00710nam a2200217 a 4500 |
| 001 |
000535043 |
| 003 |
CZ BrMZK |
| 005 |
20100811083337.0 |
| 007 |
ta |
| 008 |
000105s1979 gw f ger d |
| 040 |
|
|
|a BOA001
|b cze
|
| 080 |
9 |
|
|a 301.152.4(081)
|2 MRF
|
| 080 |
9 |
|
|a 301.18(081)
|2 MRF
|
| 100 |
1 |
|
|a Nolte, Ernst,
|d 1923-2016
|7 jn19990006158
|4 aut
|
| 245 |
1 |
0 |
|a Was ist bürgerlich ? und andere Artikel, Abhandlungen, Ausainandersetzungen /
|c Ernst Nolte
|
| 260 |
|
|
|a Stuttgart :
|b Klett-Cotta,
|c 1979
|
| 300 |
|
|
|a 258 s.
|
| 910 |
|
|
|a BOA001
|b 2-0863.286
|
| 964 |
|
|
|a Ideologie politické - stati
|
| 990 |
|
|
|a BK
|
| 996 |
7 |
|
|b 2619743415
|c 2-0863.286
|l MZK
|r Sklad / do 1 hodiny
|n 1
|w 000535043
|u 000010
|a 1
|e BOA001
|j MZK50
|s A
|